000 01285nam a22002537a 4500
999 _c9912
_d9912
003 AR-CdUCM
008 190328b ||||| |||| 00| 0 spa d
040 _aMUNICIPALIDAD PROVINCIAL DEL CUSCO
_cBIBLIOTECA MUNICIPAL DEL CUSCO
082 _a079.8 /
_bH39 / 1947
100 _aHenestrosa, Andrés
_97705
245 _aPeriodismo y periodistas de Hispanoamérica :
_bsegunda época /
260 _aMéxico :
_bSecretaría de Educación Pública,
_c1947.
300 _a150 páginas ;
_c19.5 cm.
500 _aDonación de la familia Nieto.
505 _aContenido: Orígenes del periodismo en América -- Aparición de las primeras hojas volantes -- la gaceta de México (1722) -- El periodismo en américa al alborear el siglo XIX -- Estado de la prensa hispanamericana a la consumación de la independencia de México en 1821 -- Análisis de los principales periódicos -- La lucha política como factor periodístico ...
650 _aPeriodismo - Historia
_926447
650 _aPeriodismo - Latinoamérica
_926448
650 _aPrensa
_919488
650 _aPrincipales periódicos latinoamericanos
_926449
700 _aFernández de Castro, José Antonio
_926450
710 _aSecretaría de Educación Pública (México)
_926451
942 _2ddc
_cLIBROS
945 _alccs